00489nam a2200157 450000500170000000800410001702000180005804000550007608000170013124500500014826000570019830000150025565000200027065000180029065000230030820251013151742.0251013b |||||||| |||| 00| 0 eng d a81-7371-105-4 aNational Science LibrarycNational Science Library a347.77bN8;1 aGearing up for patents: bThe Indian sceanri  aHydaranan:bUniversities Press I(ndia) Limitedc1998 axi, 288p.  aProperty rights aJurisdiction  aIndian Patents Act